00729cam a2200229 a 45000010009000000050017000090080041000260100017000670200022000840400013001060410008001190800014001270820014001411000006001551010008001612450088001695040054002579060045003119420012003569990017003689520114003851452968420180109084426.0060831s2004 pau b 001 0 eng  a 2006279685 a0803611412 (pbk.) aDLCcDLC aeng a615.8 DEB 2615.8 DEB1 a8 aEKZ10aDocumentation for physician assistants /cDebra D. Sullivan, Lynnette J. Mattingly. aIncludes bibliographical references (p. 187-188). a7bcbccorignewd2encipf20gy-gencatlg 2ddccBK c39963d39963 00102udc40708PËKGa002b002cPËKGd2018-01-09l0o615.8 DEBp002-2995107r2018-01-09w2018-01-09yBK